00251nam a2200097Ia 4500008004100000082001600041100001400057245002700071260004500098300001000143150201s2009 xx 000 0 und d a670.42bYAD aYadav,K.S aWorkshop technology-II bVaya Education of IndiaaNew Delhic2009 a283p.